00406 a2200145 4500000002100000001000700021005001700028008004100045082001700086100001800103245006900121260004100190300001000231700001900241BKB 07073920200902150857.0  a338.47bC21O1 aCarmel, Erran1 aOffshoring information technologycby Erran Carmel and Paul Tjia aUKbCambridge University Pressc2005 a282p. aTjia, Paulbc